000 00573nab#a2200205#c#4500
999 _c122211
_d122211
003 IEF
005 20191204132111.0
008 950704s1976 uuu|| #####0 b| |u
040 _aIEF
_cES-MaIEF
100 1 _aFuentes Quintana, Enrique
_916778
245 _aLa ideología de la reforma tributaria silenciosa
_c Enrique Fuentes Quintana
260 _c1976
650 4 _aIMPUESTOS
_947460
650 4 _aREFORMA
_910750
650 4 _aESPAÑA
_941092
773 0 _tHacienda pública española
_w34570
_g42-43, p. 105-144
942 _2udc
942 _2udc